Fungirl /

Irriverente, politicamente scorretto e dotato di una comicità irresistibile, Fungirl racconta le avventure di una ragazza irrequieta, con una sessualità disinibita e una schiettezza disarmante, che travolge come un tornado tutti quelli che le stanno intorno. Una manifestazione di esplosiva vitalità,...

Descrición completa

Gardado en:
Detalles Bibliográficos
Autor Principal: Pich, Elizabeth (Author)
Formato: Libro
Idioma:Lingua italiana
Publicado: Roma : Coconino Press : Fandango, 2022
Series:Coconino cult
Tags: Engadir etiqueta
Sen Etiquetas, Sexa o primeiro en etiquetar este rexistro!

MARC

LEADER 00000nam a22000007i 4500
001 IT\ICCU\UBO\4671106
003 ItRI
005 20260115232143.0
008 221221s2022 it |||||| ||||| |||||c
020 |a 9788876186264 
040 |b ita  |c importazione bologna sebina 
041 7 |a ita  |2 ISO-639-2 
082 |a 741.5973  |9 FUMETTI, ROMANZI A FUMETTI, FOTOROMANZI, VIGNETTE, CARICATURE, STRISCE A FUMETTI. Stati Uniti  |2 23 
100 1 |a Pich, Elizabeth  |0 IT\ICCU\UBOV\079693  |4 aut 
240 1 0 |a Fungirl  |3 IT\ICCU\UBO\4671104  |9 Pich, Elizabeth 
245 1 0 |a Fungirl /  |c Elizabeth Pich. 
246 1 3 |a Fun girl  |9 IT\ICCU\RAV\2162098 
260 |a Roma :  |b Coconino Press :  |b Fandango,  |c 2022 
300 |a 249 p. :  |b fumetti ;  |c 24 cm 
500 |a Titolo della copertina e del dorso  |0 IT\ICCU\RAV\2162098 
520 |a Irriverente, politicamente scorretto e dotato di una comicità irresistibile, Fungirl racconta le avventure di una ragazza irrequieta, con una sessualità disinibita e una schiettezza disarmante, che travolge come un tornado tutti quelli che le stanno intorno. Una manifestazione di esplosiva vitalità, un audace sparatutto di umorismo, una cometa solitaria che incendia un cielo costellato di noia e ipocrisia. 
830 0 |a Coconino cult  |0 IT\ICCU\UBO\1514157 
942 |2 ddc  |c BK  |n 0 
952 |0 0  |1 0  |4 0  |6 F_741_597000000000000_PIC  |7 0  |9 20990  |a BO  |b BO  |d 2026-01-15  |i 20292  |l 0  |o F 741.597 PIC  |p BO20292  |r 2026-01-15 23:21:43  |w 2026-01-15  |x [Sebina 5] [1 v.]  |y BK  |z 1 v. 
999 |c 17934  |d 17934